Регионална библиотека "Любен Каравелов" - Русе

Христоматия по литература VІІІ клас (Запис номер 205296)

MARC детайли
000 -Лидер
Контролно поле с фиксирана дължина 02481nam a2200445 c 4500
003 - Код на организацията, давaща контролен номер
Контролно поле BLK
005 - Дата и час на последна редакция
Контролно поле 20250729102804.0
008 - Елементи от данни с фиксирана дължина
fixed length control field 180411b bul|||||r ||||||| ||bul||
010 ## - Наследен системен номер
LC control number KNG00214901000
020 ## - Международен стандартен номер на книга ISBN
Международен стандартен номер на книга ISBN 978-619-187-025-7
040 ## - Източник на каталожния запис
Идентификатор на билиотеката - собственик на записа BLK
041 ## - Код за език
Код за езика на текст/звукозапис или на отделно заглавие Български
Код за езика КДБФ Български
072 #7 - Код за тематичната категория
Код организация bullib
Код за тематична категория Н372
Текст Учебни предмети. Учебници Н
080 ## - УДК
Текстов определител УДК Литература в основното училище. Методика на обучението
УДК код - определител по УДК 373.3.016:821
УДК определител (082)(075.2)
УДК - код + определител 373.3.016:821(082)(075.2)
100 1# - Редна дума - Автор
Автор Инев, Иван Кирилов
Авторска отговорност първи автор
R(LIN) 370900
139 ## - Редно поле
Редна дума Христоматия по литература VІІІ клас
Авторски знак Христом - Х 83
245 10 - Сведения за заглавието
Заглавие Христоматия по литература VІІІ клас
Подзаглавни данни С всички произведения по навата програма и аудиозаписи
Редно поле (дума) Иван Кирилов Инев; * Албена Николова Руневска-Георгиева; * Мариана Василева Бакърджиева; * Мариана Христова Христова; * Димитър Валентинов Драгнев.
257 ## - Страна на издаване
Страна на създаване/издаване България
260 ## - Област на издателските данни
Име на издателя, разпространителя и проч. БГ учебник
Година на издаване 2017
Печатница София : Алианс принт
300 ## - Физическа характеристика
Страници 420 с.
Размери/Мащаб 24 см
380 ## - Жанр
Жанр Обществени науки
500 ## - Общи забележки
Забележка Загл. в изд. каре: Христоматия по литература за 8. клас. - Други авт.: Албена Руневска, Мариана Бакърджиева, Мариана Христова, Димитър Драгнев.
650 #7 - Допълнително описание по предмет – тема
Основно описание – тема или топоним Литература - христоматии - учебници за основни училища
Източник на редна или ключова дума
9 (RLIN) 160542
653 ## - Ключова дума – ненормативна
Ключова дума литература
653 ## - Ключова дума – ненормативна
Ключова дума христоматии
653 ## - Ключова дума – ненормативна
Ключова дума VІІІ кл.
653 ## - Ключова дума – ненормативна
Ключова дума учебници за основни училища
659 ## - Тематичен бюлетин
Тематичен бюлетин Н
700 1# - Други автори (авторска отговорност)
Лично име Руневска-Георгиева, Албена Николова
Автороска отговорност (Описва отношението между автора и произведението) *
9 (RLIN) 117375
700 1# - Други автори (авторска отговорност)
Лично име Бакърджиева, Мариана Василева
Автороска отговорност (Описва отношението между автора и произведението) *
9 (RLIN) 371904
700 1# - Други автори (авторска отговорност)
Лично име Христова, Мариана Христова
Автороска отговорност (Описва отношението между автора и произведението) *
9 (RLIN) 350650
700 1# - Други автори (авторска отговорност)
Лично име Драгнев, Димитър Валентинов
Автороска отговорност (Описва отношението между автора и произведението) *
9 (RLIN) 350651
852 ## - Местоположение
Форматна сигнатура Цб 288511
856 4# - Електронен адрес и достъп
Електронен формат pdf - файл
856 4# - Електронен адрес и достъп
Електронен формат pdf - файл
999 ## - СИСТЕМНИ КОНТРОЛНИ НОМЕРА
Koha biblionumber 205296
Koha biblioitemnumber 205296
942 ## - АРТИКУЛИ
Вид на библиотечния материал Книги
Скрит в OPAC Не
Koha issues (borrowed), all copies 19
944 ## - СЪЗДАВАНЕ И РЕДАКЦИЯ на ЗАПИСА
Създаване/Редакция Създаване
Дата на регистрацията/редакция 16.12.2017
Статус, дата на статуса Цветомила Тодорова
Служител, извършил регистрацията/редакцията 30576
944 ## - СЪЗДАВАНЕ И РЕДАКЦИЯ на ЗАПИСА
Създаване/Редакция Редакция
Дата на регистрацията/редакция 01.04.2018
Статус, дата на статуса ф /
Служител, извършил регистрацията/редакцията Виолета_Тройчева
999 ## - СИСТЕМНИ КОНТРОЛНИ НОМЕРА
Koha biblioitemnumber 205296
Наличности
Код за отписване Код за изгубен артикул Източник на класификационната схема Код за повреда Коз за рестрикции Код за отдаване Артикулен № Име на библиотеката - собственик Име на библиотеката, в която се намира в момента Статус (Текущо местоположение) Дата на вписване в системата Местоположение - отдел Цена в лева Инвентарен номер Систематично азбучна сигнатура Баркод Номер на екземпляра Цена в евро Служебна бележка Служебен тип на артикула
  Не е изгубен Universal Decimal Classification Не е повреден без рестрикции заемане за дома 353545 Регионална библиотека "Любен Каравелов" Русе Регионална библиотека "Любен Каравелов" Русе Заемна - подръчен фонд 2017-12-15 Заемна - подръчен фонд 12.00 120000818091 373.3.016:821/Х 83 120000818091 1 6.14 Дост: Pk Вид: Ф N: 498 Дата: 15.12.2017 Дата инв: 15.02.2018 Бележки инв: П2018 Книги
  Не е изгубен Universal Decimal Classification Не е повреден без рестрикции заемане за дома 353546 Регионална библиотека "Любен Каравелов" Русе Регионална библиотека "Любен Каравелов" Русе Заемна - подръчен фонд 2017-12-15 Заемна - подръчен фонд 12.00 120000818092 373.3.016:821/Х 83 120000818092 2 6.14 Дост: Pk Вид: Ф N: 498 Дата: 15.12.2017 Дата инв: 15.02.2018 Бележки инв: П2018 Книги
  Не е изгубен Universal Decimal Classification Не е повреден само за читалня ползва се в читалня 678197 Регионална библиотека "Любен Каравелов" Русе Регионална библиотека "Любен Каравелов" Русе Хранилище 2018-07-04 Хранилище 12.00 120000820877 Цб 288511 120000820877   6.14   Книги
Vip Innovations Ltd, Rousse, Bulgaria 2025